000 00602nam a2200193 a 4500
001 000024169
005 20200930022757.0
008 110119s1977 ve 000 0 spa d
040 _aDO-SdBNP
_bspa
_cBNPHU
082 _ann*
_bnn*
100 1 _aAraujo, Orlando.
_99010
245 1 0 _alengua y creación en la obra de Romulo Gallegos /
_cOrlando Araujo.
250 _a3a ed.
260 _aCaracas :
_bEn la Raya,
_c1977.
300 _av. ;
_c18 cm..
500 _aLa biblioteca sólo posee el volumen 1.
500 _aIncluye referencia bibliográfica y notas al pie de las páginas.
049 _aBNGR
999 _c23663
_d23663